LIBRARY & INFORMATION CENTRE, KCAET, TAVANUR

ONLINE PUBLIC ACCESS CATALOGUE (OPAC)

Normal view MARC view
  • Ramakrishnan, Malayattoor

Entry Personal Name

Number of records used in: 1

001 - CONTROL NUMBER

  • control field: 3041

003 - CONTROL NUMBER IDENTIFIER

  • control field: OSt

005 - DATE AND TIME OF LATEST TRANSACTION

  • control field: 20180412161934.0

008 - FIXED-LENGTH DATA ELEMENTS

  • fixed length control field: 180412|| aca||aabn | a|a d

040 ## - CATALOGING SOURCE

  • Original cataloging agency: OSt
  • Transcribing agency: OSt

100 ## - HEADING--PERSONAL NAME

  • Personal name: Ramakrishnan, Malayattoor

670 ## - SOURCE DATA FOUND

  • Source citation: Work cat.: (OSt): Ramakrishnan, Malayattoor, Yakshi, 2017
free website counter